Gender dalam perbualan : analisis pengambilan giliran /
Saved in:
| Main Author: | |
|---|---|
| Format: | Thesis Book |
| Language: | Malay |
| Published: |
1997.
|
| Subjects: | |
| Tags: |
Add Tag
No Tags, Be the first to tag this record!
|
| LEADER | 01260cam a2200301 a 4500 | ||
|---|---|---|---|
| 001 | u425718 | ||
| 003 | SIRSI | ||
| 008 | 980624s1997 my 00 may | ||
| 035 | |a ACF-3171 | ||
| 040 | |a UMB |d UMM | ||
| 090 | |a P120 |b Tan | ||
| 091 | |a Microfiche 13819 | ||
| 093 | |a P120 |b Tan | ||
| 100 | 1 | 0 | |a Tan, Tek Bing. |
| 245 | 1 | 0 | |a Gender dalam perbualan : |b analisis pengambilan giliran / |c Tan Tek Bing. |
| 260 | |c 1997. | ||
| 300 | |a v, 129 leaves (append) : |b ill. ; |c 30 cm. | ||
| 500 | |a Microfiche. Kuala Lumpur : University of Malaya Library, 1998. 3 fiches : negative ; 11 x 15 cm. | ||
| 502 | |a Dissertation (M.M.L.S) -- Fakulti Bahasa dan Linguistik, Universiti Malaya, 1997. | ||
| 504 | |a Includes bibliographical references. | ||
| 650 | 0 | |a Language and languages |x Sex differences. | |
| 650 | 0 | |a Conversation |x Social aspects |z Malaysia. | |
| 650 | 0 | |a Social interaction |z Malaysia. | |
| 710 | 2 | 0 | |a Universiti Malaya. |b Fakulti Bahasa dan Linguistik. |
| 948 | |a 24/06/1998 |b 17/06/2002 | ||
| 596 | |a 1 6 | ||
| 999 | |a P120 TAN |w LC |c 1 |i A507734269 |d 26/5/2016 |e 26/5/2016 |l STACKS |m P01UTAMA |n 53 |r Y |s Y |t TESIS |u 15/10/1998 | ||
| 999 | |a P120 TAN |w LC |c 1 |i A503701819 |d 17/10/2008 |e 17/10/2008 |l STACKS |m P06BAHASA |n 3 |r Y |s Y |t TESIS |u 17/7/1998 |o .STAFF. Missing - NAR 28/02/2011 | ||
